[Event "Superettan(Lundby-Manhem II)"]
[Site "?"]
[Date "2008.02.23"]
[Round "6"]
[White "Kartal, Zeljko"]
[Black "Hansson, Johan"]
[Result "1/2-1/2"]
[WhiteElo "1707"]
[BlackElo "1865"]
[PlyCount "110"]

1. Nf3 Nf6 2. d3 g6 3. g3 Bg7 4. Bg2 O-O 5. O-O d6 6. e4 e5 7. c3 Nbd7 8. Nbd2
c6 9. b4 Ne8 10. Qb3 h6 11. a4 Kh7 12. h4 f5 13. Nh2 f4 14. Ndf3 Bf6 15. Ng4
Ng7 16. d4 Nb6 17. Nxf6+ Qxf6 18. c4 Be6 19. d5 cxd5 20. cxd5 Bg4 21. a5 Nc8
22. Bd2 a6 23. Rac1 Na7 24. Rc7 Rab8 25. Qd3 Nb5 26. Rc4 Bxf3 27. Bxf3 h5 28.
Bc3 Rf7 29. Bb2 Rg8 30. Kg2 g5 31. hxg5 Qxg5 32. Rh1 Rf6 33. Rh3 fxg3 34. Rxg3
Qh4 35. Rc1 Rh6 36. Rh1 Qf6 37. Bc1 Rg6 38. Bxh5 Nxh5 39. Rxh5+ Kg7 40. Rxg6+
Kxg6 41. Rh6+ Kf7+ 42. Kf1 Qg7 43. Qf3+ Ke8 44. Be3 Qg1+ 45. Ke2 Qb1 46. Re6+
Kd8 47. Rxd6+ Nxd6 48. Qf6+ Kc7 49. Qe7+ Kb8 50. Qxd6+ Ka8 51. Qc5 Kb8 52. Qd6+
Ka8 53. Qc5 Kb8 54. d6 Qa2+ 55. Bd2 Qe6 1/2-1/2

[Event "Superettan(Vastervik-Orgryte)"]
[Site "?"]
[Date "2008.02.23"]
[Round "6"]
[White "Ziegler, Ari"]
[Black "Ask, Josef"]
[Result "1-0"]
[WhiteElo "2419"]
[BlackElo "2283"]
[PlyCount "92"]
[SourceDate "2008.03.05"]

1. d4 Nf6 2. Nf3 g6 3. e3 d5 4. c4 c6 5. Nc3 Bg7 6. Be2 O-O 7. O-O a6 8. Ne5
dxc4 9. Bxc4 b5 10. Bb3 c5 11. Qf3 Ra7 12. dxc5 Qc7 13. Nd3 Ng4 14. g3 Ne5 15.
Nxe5 Bxe5 16. e4 Qxc5 17. Be3 Bd4 18. Bxd4 Qxd4 19. Rfd1 Qg7 20. Rac1 Rd7 21.
Rxd7 Bxd7 22. Nd5 Qxb2 23. Nxe7+ Kg7 24. Qf4 Qf6 25. Qxf6+ Kxf6 26. Nd5+ Kg7
27. Rc7 Rc8 28. Ra7 Be6 29. f4 Rc6 30. Kf2 Rd6 31. Ke3 Rd7 32. Rxd7 Nxd7 33.
Nc7 Bxb3 34. axb3 Nb8 35. Kd4 Kf8 36. Kc5 Ke7 37. b4 Kd8 38. Kd6 Kc8 39. Nd5
Kb7 40. Ke7 f5 41. exf5 gxf5 42. Ke6 Nc6 43. Kxf5 a5 44. bxa5 b4 45. Nxb4 Nxb4
46. Kg5 Ka6 1-0

[Event "Superettan(Vastervik-Orgryte)"]
[Site "?"]
[Date "2008.02.23"]
[Round "6"]
[White "Sternlund, Hakan"]
[Black "Frisk Kockum, Anton"]
[Result "1/2-1/2"]
[WhiteElo "2223"]
[BlackElo "2337"]
[PlyCount "59"]

1. c4 f5 2. g3 Nf6 3. Bg2 g6 4. Nf3 Bg7 5. O-O O-O 6. Nc3 d6 7. d4 Nc6 8. d5
Ne5 9. Nxe5 dxe5 10. c5 e4 11. Qb3 Kh8 12. Rd1 h6 13. f3 exf3 14. exf3 e5 15.
dxe6 Qe7 16. Re1 Qxc5+ 17. Kh1 Re8 18. Bf4 g5 19. Be5 Bxe6 20. Qxb7 Rab8 21.
Qxc7 Qxc7 22. Bxc7 Rxb2 23. Be5 Nd7 24. Bxg7+ Kxg7 25. Kg1 Kf7 26. Bf1 Nb6 27.
Re2 Rxe2 28. Bxe2 Rc8 29. Nb5 Rc2 30. Bd1 1/2-1/2

[Event "Superettan(Vastervik-Orgryte)"]
[Site "?"]
[Date "2008.02.23"]
[Round "6"]
[White "Ostberg, Peter"]
[Black "Elenius, Erik"]
[Result "1-0"]
[WhiteElo "2236"]
[BlackElo "2184"]
[PlyCount "109"]

1. e4 c5 2. Nf3 d6 3. d4 cxd4 4. Nxd4 Nf6 5. Nc3 a6 6. Bc4 e6 7. Bb3 b5 8. O-O
Be7 9. Qf3 Qc7 10. Qg3 O-O 11. Bh6 Ne8 12. Be3 Nf6 13. f3 Re8 14. a4 b4 15. Na2
Qb7 16. a5 d5 17. e5 Nfd7 18. f4 Nc6 19. Ba4 Nxd4 20. Bxd4 Rd8 21. Qf2 g6 22.
Nc1 Qc7 23. Nd3 Bb7 24. Rfc1 Bc6 25. c3 Bxa4 26. Rxa4 Qc6 27. b3 bxc3 28. Rxc3
Qb5 29. Qc2 Rab8 30. b4 Qb7 31. Rc7 Qb5 32. h3 Rb7 33. Rc6 Rbb8 34. Ba7 Ra8 35.
Bf2 Kg7 36. Ra1 Rab8 37. Rb1 Rb7 38. Bd4 Kf8 39. g4 Nb8 40. Rc3 Nd7 41. Rb2
Rbb8 42. Rc6 Kg8 43. Kh2 Bf8 44. f5 exf5 45. gxf5 Rdc8 46. Rxc8 Rxc8 47. Qxc8
Qxd3 48. Qc3 Qxf5 49. Rf2 Qe4 50. b5 axb5 51. a6 Bh6 52. a7 Bf4+ 53. Kg1 Qb1+
54. Rf1 Qa2 55. Rxf4 1-0

[Event "Superettan(Vastervik-Orgryte)"]
[Site "?"]
[Date "2008.02.23"]
[Round "6"]
[White "Karlsson, Jorgen"]
[Black "Eksmyr, Johan"]
[Result "0-1"]
[WhiteElo "2228"]
[BlackElo "2152"]
[PlyCount "114"]

1. c4 e5 2. g3 c6 3. Bg2 d6 4. d4 Be6 5. Nf3 Qc7 6. Qc2 Be7 7. O-O Nd7 8. Nbd2
g5 9. Rd1 g4 10. Ne1 h5 11. Ne4 h4 12. Ng5 O-O-O 13. d5 cxd5 14. cxd5 Qxc2 15.
Nxc2 Bf5 16. Ne3 Bg6 17. Nc4 hxg3 18. fxg3 Nc5 19. Be3 b6 20. b4 Na4 21. Rac1
Kb8 22. Ne4 Rh5 23. Nc3 Nxc3 24. Rxc3 Nf6 25. Bf2 Ne4 26. Bxe4 Bxe4 27. Ne3
Rxh2 28. Kf1 Rh1+ 29. Bg1 f5 30. Rc4 b5 31. Rxe4 fxe4 32. Nxg4 Rg8 33. Nf2 Rh7
34. Nxe4 Rg4 35. Nc3 Rxg3 36. e3 Rf7+ 37. Ke2 Rg2+ 38. Kd3 Rfg7 39. Ne2 e4+ 40.
Kd2 Bf6 41. Rf1 Bc3+ 42. Kd1 Bxb4 43. Rf8+ Kb7 44. Bf2 Rh7 45. Ng3 a5 46. Ke2
Rxg3 47. Bxg3 Rh5 48. Re8 Rxd5 49. Rxe4 Rd2+ 50. Kf3 Rxa2 51. Rd4 Kc6 52. Rd1
Rc2 53. Ke4 a4 54. Kd3 Rc3+ 55. Ke2 Bc5 56. Bf4 b4 57. Kd2 a3 0-1

[Event "Superettan(Vastervik-Orgryte)"]
[Site "?"]
[Date "2008.02.23"]
[Round "6"]
[White "Forsberg, Jan-Olof"]
[Black "Nilsson, Victor"]
[Result "1-0"]
[WhiteElo "2125"]
[BlackElo "2171"]
[PlyCount "95"]

1. d4 Nf6 2. c4 g6 3. Nc3 d5 4. Nf3 Bg7 5. Qb3 dxc4 6. Qxc4 O-O 7. e4 Bg4 8.
Be3 Nfd7 9. Rd1 Nb6 10. Qc5 Nc6 11. Be2 a6 12. h3 Bxf3 13. gxf3 Qd6 14. e5 Qxc5
15. dxc5 Nc8 16. f4 N8a7 17. O-O Rfd8 18. Rxd8+ Rxd8 19. Rd1 Rxd1+ 20. Bxd1 e6
21. Ne4 Ne7 22. Kg2 Nd5 23. Ba4 Kf8 24. Kf3 Ke7 25. Bd4 Nb5 26. Bxb5 axb5 27.
Nd2 Kd7 28. Nb3 Bh6 29. Be3 Bf8 30. Na5 Nxe3 31. fxe3 Bxc5 32. Nxb7 Bb4 33. a3
Kc8 34. axb4 Kxb7 35. Ke4 Kb6 36. Kd4 Kc6 37. Ke4 Kb7 38. Kd4 Kb6 39. h4 h6 40.
e4 c6 41. b3 h5 42. Kc3 Kc7 43. Kd3 Kd7 44. Kd4 Ke7 45. Kc5 f6 46. exf6+ Kxf6
47. Kd6 Kf7 48. e5 1-0

[Event "Superettan(Vastervik-Orgryte)"]
[Site "?"]
[Date "2008.02.23"]
[Round "6"]
[White "Tibell, Ingemar"]
[Black "Broddefalk, Arvid"]
[Result "0-1"]
[WhiteElo "2033"]
[BlackElo "1985"]
[PlyCount "79"]

1. e4 Nf6 2. e5 Nd5 3. d4 d6 4. c4 Nb6 5. exd6 exd6 6. Nc3 Nc6 7. Nf3 Bg4 8.
Be2 Be7 9. O-O O-O 10. b3 d5 11. c5 Nc8 12. h3 Bf5 13. Bf4 a6 14. Rc1 Bf6 15.
Qd2 Re8 16. Rfd1 Bg6 17. Be5 Be7 18. Bg3 Bf6 19. Qf4 Re7 20. h4 h6 21. Qg4 N8a7
22. a4 Qd7 23. Ne5 Bxe5 24. dxe5 d4 25. Qxd7 Rxd7 26. Bc4 Re8 27. Ne2 Nxe5 28.
Bxe5 Rxe5 29. Rxd4 Rxd4 30. Nxd4 Kf8 31. Bf1 Be4 32. f3 Bd5 33. Kf2 Nc6 34.
Nxc6 Bxc6 35. Bc4 Rxc5 36. Ke3 Re5+ 37. Kd4 f6 38. Bxa6 Rh5 39. g3 Bxf3 40. Bd3
0-1

[Event "Superettan(Vastervik-Orgryte)"]
[Site "?"]
[Date "2008.02.23"]
[Round "6"]
[White "Blomqvist, Sven"]
[Black "Vikman, Dennis"]
[Result "1-0"]
[WhiteElo "1934"]
[BlackElo "1961"]
[PlyCount "55"]

1. e4 c5 2. Nf3 d6 3. d4 cxd4 4. Nxd4 Nf6 5. Bd3 g6 6. c4 Bg7 7. O-O O-O 8. Nc3
Nc6 9. Nc2 Be6 10. Bg5 Ne5 11. Ne3 Rc8 12. b3 Nxd3 13. Qxd3 a6 14. Rad1 Re8 15.
f4 Qa5 16. f5 Bd7 17. Ncd5 Nxd5 18. Nxd5 f6 19. Be3 b5 20. Nb6 Rc7 21. Qd5+ Kh8
22. Qf7 Bc6 23. fxg6 Rb7 24. Qe6 Rxb6 25. Qh3 Kg8 26. Qxh7+ Kf8 27. Bh6 Ra8 28.
Qh8# 1-0

[Event "Superettan(Eksjo-Orgryte)"]
[Site "?"]
[Date "2008.02.24"]
[Round "6"]
[White "Ziegler, Ari"]
[Black "Schussler, Harry"]
[Result "1/2-1/2"]
[WhiteElo "2419"]
[BlackElo "2445"]
[PlyCount "68"]

1. d4 Nf6 2. Nf3 e6 3. e3 b6 4. Bd3 Bb7 5. Nbd2 c5 6. O-O Be7 7. b3 O-O 8. c4
cxd4 9. exd4 d5 10. Bb2 Nc6 11. a3 Rc8 12. Qe2 Re8 13. Rad1 Bf8 14. Rfe1 g6 15.
Qe3 Qc7 16. Ne5 dxc4 17. bxc4 Nxe5 18. dxe5 Nd7 19. Be4 Nc5 20. Bxb7 Qxb7 21.
Bd4 Be7 22. h4 Red8 23. h5 Qd7 24. Nf3 Qa4 25. hxg6 hxg6 26. Qh6 Qxc4 27. Be3
Ne4 28. Rxd8+ Rxd8 29. Rc1 Qd3 30. a4 Qd5 31. Rc7 Rd7 32. Rc8+ Rd8 33. Rc7 Rd7
34. Rc8+ Rd8 1/2-1/2

[Event "Superettan(Eksjo-Orgryte)"]
[Site "?"]
[Date "2008.02.24"]
[Round "6"]
[White "Vernersson, Per"]
[Black "Frisk Kockum, Anton"]
[Result "1/2-1/2"]
[WhiteElo "2468"]
[BlackElo "2337"]
[PlyCount "134"]

1. Nf3 e6 2. c4 Nf6 3. Nc3 Bb4 4. Qc2 O-O 5. a3 Bxc3 6. Qxc3 b6 7. e3 Bb7 8.
Be2 d6 9. d3 Nbd7 10. O-O c5 11. b3 Qe7 12. Qc2 Rfe8 13. Bb2 Nf8 14. Nd2 e5 15.
Bf3 Ng6 16. Bxb7 Qxb7 17. e4 Qd7 18. f3 Nh5 19. Rae1 Nhf4 20. g3 Ne6 21. Rf2 h5
22. Nf1 Ng5 23. Kh1 h4 24. Bc1 hxg3 25. hxg3 Ne6 26. Qd1 Nd4 27. Kg2 f5 28.
exf5 Nxf5 29. Re4 d5 30. cxd5 Qxd5 31. Ne3 Nxe3+ 32. Rxe3 Rf8 33. Qc2 b5 34.
Bb2 Rf5 35. Rf1 Raf8 36. Re4 R8f7 37. Bc1 Nf8 38. Qc3 Rd7 39. g4 Rf6 40. Rxe5
Qxd3 41. Rxc5 Qxc3 42. Rxc3 Rfd6 43. Re1 Kf7 44. Kf2 Ne6 45. Be3 a5 46. Rec1
Rd1 47. Ke2 Rxc1 48. Rxc1 Rd8 49. Rd1 Rxd1 50. Kxd1 Ke7 51. f4 g6 52. Ke2 Kd6
53. Kf3 Kd5 54. f5 gxf5 55. gxf5 Nf8 56. Kf4 a4 57. bxa4 bxa4 58. Bd2 Ne6+ 59.
Kg4 Nd4 60. f6 Ke6 61. Kg5 Kf7 62. Bc3 Nb5 63. Bb2 Nd6 64. Bd4 Ne4+ 65. Kf5
Nd6+ 66. Kg5 Ne4+ 67. Kf5 Nd6+ 1/2-1/2

[Event "Superettan(Eksjo-Orgryte)"]
[Site "?"]
[Date "2008.02.24"]
[Round "6"]
[White "Ostberg, Peter"]
[Black "Ornstein, Axel"]
[Result "0-1"]
[WhiteElo "2236"]
[BlackElo "2446"]
[PlyCount "78"]

1. e4 c5 2. Nf3 d6 3. d4 cxd4 4. Nxd4 Nf6 5. Nc3 Nc6 6. Bg5 e6 7. Qd2 Qb6 8.
Nb3 Be7 9. O-O-O O-O 10. Be3 Qc7 11. f4 a6 12. Be2 b5 13. Bf3 b4 14. Na4 Rb8
15. Qf2 Nd7 16. g4 Na5 17. Nxa5 Qxa5 18. b3 Bb7 19. Kb1 Bc6 20. Nb2 Qc7 21. Nc4
Bb5 22. Nd2 Rfc8 23. Rc1 a5 24. Be2 a4 25. Rhd1 Bf6 26. Nc4 Bxc4 27. Bxc4 Nb6
28. Bxb6 Rxb6 29. g5 Bc3 30. f5 Re8 31. fxe6 fxe6 32. Rd3 g6 33. Rf1 Bg7 34.
Rf3 d5 35. exd5 Qe5 36. c3 exd5 37. Qxb6 bxc3 38. Bxd5+ Qxd5 39. Qb4 Qd2 0-1

[Event "Superettan(Eksjo-Orgryte)"]
[Site "?"]
[Date "2008.02.24"]
[Round "6"]
[White "Rothen, Hakan"]
[Black "Eksmyr, Johan"]
[Result "0-1"]
[WhiteElo "2325"]
[BlackElo "2152"]
[PlyCount "108"]

1. d4 Nf6 2. Nf3 g6 3. Bg5 Ne4 4. Bh4 Bg7 5. Nbd2 d5 6. e3 c5 7. c3 cxd4 8.
Nxe4 dxe4 9. Nxd4 a6 10. Qa4+ Qd7 11. Bb5 axb5 12. Qxa8 Na6 13. Nxb5 O-O 14. a4
Qd3 15. Rd1 Qxd1+ 16. Kxd1 Bg4+ 17. f3 Bxf3+ 18. gxf3 Rxa8 19. Kc2 exf3 20. Rf1
e5 21. Rxf3 e4 22. Rf1 Nc5 23. b4 Nd3 24. a5 Rc8 25. Kb3 f5 26. Bg3 Bh6 27. Nd6
Ra8 28. Nxb7 Bxe3 29. Nd6 h6 30. Kc4 Nb2+ 31. Kd5 Bd2 32. Be5 e3 33. Rg1 g5 34.
Nxf5 e2 35. Bg3 Kh7 36. Be1 Bxe1 37. Rxe1 Nd3 38. Rxe2 Nf4+ 39. Kc6 Nxe2 40.
Kb7 Rf8 41. Nd6 Rf6 42. Nb5 Rf7+ 43. Kb6 Rf6+ 44. Kb7 Rf7+ 45. Kb6 g4 46. a6 h5
47. a7 Rf8 48. c4 h4 49. Nd6 g3 50. hxg3 hxg3 51. Ne4 g2 52. Ng5+ Kg6 53. Nh3
Kh5 54. c5 Kh4 0-1

[Event "Superettan(Eksjo-Orgryte)"]
[Site "?"]
[Date "2008.02.24"]
[Round "6"]
[White "Arnelind, Mikael"]
[Black "Thornert, Hakan"]
[Result "1-0"]
[WhiteElo "2155"]
[BlackElo "2240"]
[PlyCount "115"]

1. d4 Nf6 2. c4 g6 3. Nc3 d5 4. Bg5 Ne4 5. Bh4 Nxc3 6. bxc3 dxc4 7. e3 Bg7 8.
Bxc4 O-O 9. Ne2 c5 10. O-O Nc6 11. Rb1 cxd4 12. cxd4 b6 13. Bb5 Na5 14. Qd2 h6
15. Qb4 g5 16. Bg3 Bb7 17. f3 Bc6 18. Ba6 Qd7 19. Rbc1 f5 20. Be5 Qe6 21. f4
Rad8 22. Rf2 g4 23. Ng3 Rd7 24. Nh5 Bf6 25. Rfc2 Be4 26. Rc8 Bxe5 27. fxe5 Qxa2
28. Nf4 Rxc8 29. Bxc8 Qb3 30. Qxb3+ Nxb3 31. Rc3 Rd8 32. Be6+ Kh7 33. Rxb3 Rb8
34. Ne2 a5 35. Nc3 Bc6 36. Bxf5+ Kg7 37. d5 Be8 38. d6 exd6 39. exd6 a4 40. Rb1
Bc6 41. Bc2 a3 42. Na2 Kf6 43. Nb4 Bb7 44. Ra1 Ra8 45. Bb3 Ke5 46. Rd1 Rd8 47.
d7 h5 48. Ba4 Ke6 49. Rd3 h4 50. Rxa3 Kd6 51. Rd3+ Kc5 52. Rd4 b5 53. Bd1 h3
54. gxh3 gxh3 55. Bg4 Kb6 56. Kf2 Bg2 57. e4 Kc5 58. Ke3 1-0

[Event "Superettan(Eksjo-Orgryte)"]
[Site "?"]
[Date "2008.02.24"]
[Round "6"]
[White "Gustafsson, Fredrik"]
[Black "Tibell, Ingemar"]
[Result "0-1"]
[WhiteElo "2173"]
[BlackElo "2033"]
[PlyCount "48"]

1. e4 c5 2. Nc3 Nc6 3. g3 g6 4. Bg2 Bg7 5. d3 d6 6. Be3 e6 7. Qd2 Nd4 8. Nd1
Ne7 9. c3 Ndc6 10. Nf3 b6 11. Bh6 O-O 12. h4 f6 13. Bxg7 Kxg7 14. Ne3 e5 15. g4
Be6 16. g5 f5 17. exf5 gxf5 18. Bh3 Qd7 19. Rg1 Ng6 20. Ng2 e4 21. dxe4 fxe4
22. Bxe6 Qxe6 23. Nh2 Nce5 24. Kd1 Qh3 0-1

[Event "Superettan(Eksjo-Orgryte)"]
[Site "?"]
[Date "2008.02.24"]
[Round "6"]
[White "Forsberg, Jan-Olof"]
[Black "Krantz, Christopher"]
[Result "1-0"]
[WhiteElo "2125"]
[BlackElo "2156"]
[PlyCount "91"]

1. d4 e6 2. Nf3 Nf6 3. c4 b6 4. g3 Bb7 5. Bg2 Bb4+ 6. Bd2 Bxd2+ 7. Qxd2 O-O 8.
Nc3 Ne4 9. Qd3 d5 10. cxd5 Nxc3 11. Qxc3 Bxd5 12. O-O Nd7 13. Rfe1 Bb7 14. Rad1
Rc8 15. e4 Re8 16. Nh4 Qe7 17. f4 c5 18. d5 exd5 19. Nf5 Qf8 20. exd5 g6 21. d6
Rxe1+ 22. Qxe1 gxf5 23. Bxb7 Re8 24. Qc3 Re6 25. Qd3 Qe8 26. Bd5 Re2 27. Qxf5
Rxb2 28. Be4 Nf8 29. d7 Qd8 30. Qg5+ Qxg5 31. fxg5 Nxd7 32. Rxd7 Rxa2 33. Bd5
Ra1+ 34. Kg2 b5 35. Bxf7+ Kf8 36. Be6 Re1 37. Bf5 Re5 38. g4 c4 39. Rxh7 b4 40.
Rc7 c3 41. h4 a5 42. h5 b3 43. Rxc3 a4 44. Rc8+ Re8 45. Rxe8+ Kxe8 46. Be6 1-0

[Event "Superettan(Eksjo-Orgryte)"]
[Site "?"]
[Date "2008.02.24"]
[Round "6"]
[White "Andersson, Johan"]
[Black "Vikman, Dennis"]
[Result "1-0"]
[WhiteElo "2137"]
[BlackElo "1961"]
[PlyCount "80"]

1. e4 c5 2. Nf3 d6 3. d4 cxd4 4. Qxd4 a6 5. Be3 Nc6 6. Qd2 Nf6 7. Nc3 e6 8.
O-O-O Be7 9. Bf4 e5 10. Bg5 Be6 11. Bxf6 gxf6 12. Nd5 Rc8 13. Kb1 Qa5 14. Qxa5
Nxa5 15. Nh4 Rg8 16. g3 Nc6 17. c3 b5 18. Be2 Na7 19. Rd2 Rc6 20. Rhd1 Nc8 21.
Nb4 Rb6 22. Nxa6 Bxa2+ 23. Kxa2 Rxa6+ 24. Kb3 Rb6 25. Rd5 Na7 26. Ra1 Rb7 27.
Nf5 Kd7 28. Ra6 Rgb8 29. Nxd6 Bxd6 30. Rdxd6+ Ke7 31. Rxf6 Nc8 32. Rf5 Nb6 33.
Rxe5+ Kd8 34. Rxb5 Nd7 35. Rxb7 Rxb7+ 36. Kc2 Nc5 37. Rd6+ Ke7 38. Rd4 Ne6 39.
Rc4 Ra7 40. Bg4 Ng5 1-0

[Event "Superettan(Rockaden,Umea-Upsala II)"]
[Site "?"]
[Date "2008.02.24"]
[Round "6"]
[White "Sittenfeld, Johan"]
[Black "Lindgren, Fredrik"]
[Result "1/2-1/2"]
[WhiteElo "2123"]
[BlackElo "2282"]
[PlyCount "95"]

1. d4 d6 2. Nf3 g6 3. c4 Bg7 4. g3 c5 5. Bg2 Nc6 6. d5 Na5 7. Nfd2 e5 8. O-O
Nh6 9. a3 b6 10. Nc3 O-O 11. b4 Nb7 12. Bb2 f5 13. e3 Bd7 14. b5 Qe7 15. a4 Na5
16. Qe2 e4 17. Ra3 g5 18. Nb3 Nxb3 19. Rxb3 g4 20. Qc2 Nf7 21. Ne2 Bxb2 22.
Rxb2 Ne5 23. Nf4 h5 24. a5 h4 25. Ra1 hxg3 26. hxg3 Qh7 27. Rba2 Rab8 28. Qc3
Qg7 29. Kf1 Nf3 30. Qxg7+ Kxg7 31. Bxf3 gxf3 32. axb6 axb6 33. Ke1 Kf6 34. Kd2
Rh8 35. Ra7 Rbd8 36. Rb7 Rh2 37. Rf1 Ra8 38. Rxd7 Ra2+ 39. Kc3 Rhxf2 40. Rxf2
Rxf2 41. Rxd6+ Kg7 42. Rd7+ Kh6 43. Ra7 Rf1 44. Ra2 Rc1+ 45. Kb3 Rb1+ 46. Kc3
Rc1+ 47. Kb3 Rb1+ 48. Kc3 1/2-1/2

[Event "Superettan(Rockaden,Umea-Upsala II)"]
[Site "?"]
[Date "2008.02.24"]
[Round "6"]
[White "Forsberg, Viktor"]
[Black "Cederberg, Karl-Olof"]
[Result "1/2-1/2"]
[WhiteElo "2307"]
[BlackElo "2220"]
[PlyCount "63"]

1. e4 e5 2. Nf3 d6 3. d4 Nf6 4. dxe5 Nxe4 5. Qd5 Nc5 6. Bg5 Qd7 7. Nc3 c6 8.
Qc4 d5 9. Qe2 Ne6 10. O-O-O Qc7 11. Qe1 Nd7 12. Bd3 Ndc5 13. h4 Nxd3+ 14. cxd3
h6 15. Be3 b6 16. h5 Be7 17. d4 Ba6 18. Nh4 O-O-O 19. Nf5 Bf8 20. Kb1 Qd7 21.
g4 Kb8 22. f3 Ka8 23. Ka1 Bb7 24. Qe2 c5 25. Qf2 g6 26. Ng3 cxd4 27. Bxd4 Nxd4
28. Qxd4 Bc5 29. Qd3 gxh5 30. Rxh5 Qe7 31. f4 Qe6 32. Nf5 1/2-1/2

[Event "Superettan(Rockaden,Umea-Upsala II)"]
[Site "?"]
[Date "2008.02.24"]
[Round "6"]
[White "Johansson, Thomas"]
[Black "Nygren, David"]
[Result "0-1"]
[WhiteElo "2195"]
[BlackElo "2253"]
[PlyCount "84"]

1. d4 e6 2. c4 Nf6 3. Nf3 c5 4. d5 exd5 5. cxd5 d6 6. Nc3 g6 7. Nd2 Nbd7 8. e4
Bg7 9. Be2 O-O 10. O-O Re8 11. a4 a6 12. Qc2 Nh5 13. Bxh5 gxh5 14. Ra3 Ne5 15.
Nd1 Bg4 16. a5 Be2 17. Re1 Bxd1 18. Qxd1 c4 19. Qxh5 Nd3 20. Rf1 Rc8 21. Ra4 c3
22. bxc3 Rxc3 23. Ba3 Qd7 24. Qd1 Qb5 25. Nb1 Rb3 26. Nd2 Qxa4 27. Qxb3 Qxb3
28. Nxb3 Bf8 29. f3 Rc8 30. Nc1 Rc3 31. Nxd3 Rxa3 32. Rd1 Rxa5 33. Nf4 Bh6 34.
Nh5 Be3+ 35. Kh1 Bd4 36. f4 Ra1 37. Rxa1 Bxa1 38. Kg1 a5 39. e5 dxe5 40. Nf6+
Kf8 41. fxe5 a4 42. Nd7+ Ke7 0-1

[Event "Superettan(Rockaden,Umea-Upsala II)"]
[Site "?"]
[Date "2008.02.24"]
[Round "6"]
[White "Engman, Rickard"]
[Black "Styf, Josef"]
[Result "1-0"]
[WhiteElo "2253"]
[BlackElo "2080"]
[PlyCount "65"]

1. d4 Nf6 2. c4 e6 3. Nc3 Bb4 4. Qc2 c5 5. dxc5 Na6 6. a3 Bxc3+ 7. Qxc3 Nxc5 8.
b4 Nce4 9. Qb2 O-O 10. f3 Nd6 11. e4 Nfxe4 12. fxe4 Qh4+ 13. Qf2 Qxe4+ 14. Qe2
Qg6 15. Nf3 Nf5 16. g4 Nh4 17. Nxh4 Qf6 18. Bb2 Qxh4+ 19. Qf2 Qe7 20. Bd3 d5
21. O-O dxc4 22. Bxc4 b5 23. Bxb5 Qg5 24. Be2 e5 25. Qg3 Bb7 26. Bxe5 Rfe8 27.
Bf4 Qd5 28. Bf3 Qd4+ 29. Qf2 Qxf4 30. Bxb7 Qxg4+ 31. Kh1 Rad8 32. Qxf7+ Kh8 33.
Rae1 1-0

[Event "Superettan(Rockaden,Umea-Upsala II)"]
[Site "?"]
[Date "2008.02.24"]
[Round "6"]
[White "Dolata, Henryk"]
[Black "Larsson, Johan"]
[Result "1/2-1/2"]
[WhiteElo "2069"]
[BlackElo "2176"]
[PlyCount "108"]

1. e4 c5 2. c3 d5 3. exd5 Qxd5 4. d4 Nf6 5. Nf3 e6 6. Na3 cxd4 7. Nb5 Qd8 8.
Nbxd4 Be7 9. Bd3 O-O 10. O-O b6 11. Qe2 Bb7 12. Rd1 Nbd7 13. c4 Re8 14. Bf4 Bc5
15. Nb5 a6 16. Nd6 Bxd6 17. Bxd6 Qc8 18. b4 Qc6 19. Rac1 Kh8 20. Bb1 Rac8 21.
Bf4 e5 22. Be3 Qa4 23. Bd2 e4 24. Nd4 Ne5 25. Nf5 Qd7 26. Ne3 Qe6 27. a3 Rcd8
28. Bc3 Nfg4 29. Nxg4 Nxg4 30. Ba2 Qg6 31. h3 Nh6 32. Bb1 f5 33. Qe3 Nf7 34. g3
Ng5 35. Kg2 Nf3 36. Kf1 Rf8 37. Qf4 Qf7 38. Ba2 h6 39. h4 Kh7 40. h5 Qe6 41. g4
Rxd1+ 42. Rxd1 b5 43. Bb3 Qf7 44. Qxf5+ Qxf5 45. gxf5 Bc8 46. cxb5 axb5 47. Be6
Nh4 48. Ke2 Nxf5 49. Bxf5+ Rxf5 50. Rg1 Rg5 51. Rg3 Rxg3 52. fxg3 Bg4+ 53. Ke3
Bxh5 54. Kxe4 Bd1 1/2-1/2

[Event "Superettan(Rockaden,Umea-Upsala II)"]
[Site "?"]
[Date "2008.02.24"]
[Round "6"]
[White "Hellstrom, Magnus"]
[Black "Bjelvenmark, Per"]
[Result "1-0"]
[WhiteElo "2091"]
[BlackElo "1968"]
[PlyCount "75"]

1. e4 e6 2. d4 d5 3. e5 c5 4. c3 Nc6 5. Nf3 a6 6. Be3 Qb6 7. Qd2 Bd7 8. Bd3 Rc8
9. dxc5 Bxc5 10. Bxc5 Qxc5 11. O-O Nge7 12. Qg5 Ng6 13. Nbd2 O-O 14. Rfe1 f6
15. exf6 Rxf6 16. Ne4 Qe7 17. Nxf6+ gxf6 18. Qh6 Nf8 19. Rad1 Nd8 20. Bc2 Nf7
21. Qh5 Qd8 22. Rd4 f5 23. h4 Qf6 24. Bb3 h6 25. Rb4 Nd6 26. Ne5 Be8 27. Qf3
Ne4 28. Qf4 b5 29. Bc2 Nc5 30. Ng4 Qg7 31. Nxh6+ Kh8 32. g4 a5 33. Rd4 Nfd7 34.
Qg5 e5 35. Qxg7+ Kxg7 36. Nxf5+ Kf6 37. Rxd5 Ne6 38. g5+ 1-0

[Event "Superettan(Rockaden,Umea-Upsala II)"]
[Site "?"]
[Date "2008.02.24"]
[Round "6"]
[White "Andersson, Alexis"]
[Black "Hammar, Ulf"]
[Result "0-1"]
[WhiteElo "1847"]
[BlackElo "2098"]
[PlyCount "60"]

1. d4 d5 2. c4 c6 3. e3 Bf5 4. Nf3 e6 5. Nc3 Nd7 6. Be2 Bd6 7. O-O Ngf6 8. Nh4
Bg6 9. g4 Nxg4 10. Nxg6 hxg6 11. Bxg4 Rxh2 12. cxd5 cxd5 13. Nb5 Bb8 14. Bxe6
Qh4 15. Qg4 Rh1+ 16. Kg2 Qh2+ 17. Kf3 Nf6 18. Qg2 Qh5+ 19. Bg4 Nxg4 20. Ke2
Nh2+ 21. Kd3 Rxf1 22. Nc3 Qf5+ 23. Ke2 Qh5+ 24. Kd3 Qf3 25. Qxf3 Nxf3 26. Ke2
Nh2 27. Nxd5 Bd6 28. e4 Rc8 29. e5 Bf8 30. Nc3 Bb4 0-1

[Event "Superettan(Rockaden,Umea-Upsala II)"]
[Site "?"]
[Date "2008.02.24"]
[Round "6"]
[White "Hammarstrom, Ulf"]
[Black "Nyberg, Bo"]
[Result "1/2-1/2"]
[WhiteElo "2018"]
[BlackElo "1863"]
[PlyCount "86"]

1. d4 e6 2. c4 d5 3. Nc3 f5 4. cxd5 exd5 5. Bf4 c6 6. e3 Nf6 7. Bd3 Be7 8. Nf3
O-O 9. O-O Ne4 10. Bxe4 fxe4 11. Ne5 Nd7 12. Rb1 Nxe5 13. Bxe5 Bd6 14. Bxd6
Qxd6 15. Ne2 Bg4 16. Qd2 Qg6 17. Kh1 Rf6 18. Nf4 Qf7 19. f3 exf3 20. gxf3 Bf5
21. Rbe1 Re8 22. Qg2 Bg6 23. Qg3 h6 24. Rg1 Bh7 25. Qf2 Kf8 26. h4 Rf5 27. Qh2
Rxe3 28. Nxd5 Rxe1 29. Rxe1 Qxd5 30. Qb8+ Kf7 31. Qe8+ Kf6 32. Re4 Rxf3 33.
Qf8+ Kg6 34. Qxf3 Bg8 35. Rg4+ Kh7 36. Qxd5 Bxd5+ 37. Kg1 g6 38. b3 Kg7 39. Kf2
Kf6 40. Ke3 g5 41. hxg5+ hxg5 42. Rg1 Kf5 43. Rg3 g4 1/2-1/2

[Event "Superettan(Rockaden II,Sthlm-Passanten)"]
[Site "?"]
[Date "2008.02.24"]
[Round "6"]
[White "Cramling, Dan"]
[Black "Orndahl, Markus"]
[Result "1/2-1/2"]
[WhiteElo "2356"]
[BlackElo "2306"]
[PlyCount "96"]
[EventDate "2008.??.??"]

1. d4 d5 2. c4 c6 3. Nc3 Nf6 4. cxd5 cxd5 5. Bf4 a6 6. e3 Nc6 7. Bd3 Bg4 8. f3
Bh5 9. Qb3 Na5 10. Qa4+ Nc6 11. Rc1 e6 12. Nge2 Be7 13. a3 O-O 14. b4 Bg6 15.
Bxg6 hxg6 16. O-O Nh5 17. Qb3 g5 18. Be5 f6 19. Bg3 Nxg3 20. hxg3 a5 21. b5 a4
22. Qa2 Na5 23. e4 Nc4 24. exd5 Ne3 25. dxe6 Nxf1 26. Kxf1 Qd6 27. Nd5 Qxa3 28.
Nxe7+ Qxe7 29. d5 a3 30. Nd4 Qb4 31. e7 Qxd4 32. exf8=Q+ Kxf8 33. Rb1 Ra4 34.
Ke2 Ke8 35. Rb3 Qc5 36. d6 Kd8 37. Re3 Qxb5+ 38. Ke1 Qb4+ 39. Kf1 Qc4+ 40. Qxc4
Rxc4 41. Rxa3 Rc1+ 42. Kf2 Rc2+ 43. Ke3 Rc6 44. Ra7 Rb6 45. Ra8+ Kd7 46. Rg8
Kxd6 47. Rxg7 Rb2 48. f4 Rb3+ 1/2-1/2

[Event "Superettan(Rockaden II,Sthlm-Passanten)"]
[Site "?"]
[Date "2008.02.24"]
[Round "6"]
[White "Larsson, Per"]
[Black "Lissang, Christopher"]
[Result "1-0"]
[WhiteElo "2358"]
[BlackElo "2289"]
[PlyCount "97"]
[EventDate "2008.??.??"]

1. Nf3 Nf6 2. c4 e6 3. g3 d5 4. d4 Be7 5. Bg2 O-O 6. O-O dxc4 7. Qc2 a6 8. Qxc4
b5 9. Qc2 Bb7 10. Bd2 Ra7 11. Rc1 Be4 12. Qb3 Nc6 13. e3 Qa8 14. Qd1 Nb8 15.
Ba5 Nbd7 16. Nbd2 Bd5 17. Qf1 c5 18. dxc5 Bxc5 19. Rc2 Bb6 20. Bxb6 Nxb6 21.
Rac1 Nc4 22. b3 Nxd2 23. Nxd2 Bxg2 24. Qxg2 Qxg2+ 25. Kxg2 Nd5 26. Nf3 a5 27.
e4 Nf6 28. Nd4 Nxe4 29. Nxb5 Rd7 30. Rc4 Rb7 31. Nd4 g6 32. Nxe6 fxe6 33. Rxe4
Rb6 34. Rce1 Kf7 35. Rf4+ Ke7 36. Rxf8 Kxf8 37. Re5 a4 38. bxa4 Kf7 39. Rb5 Rc6
40. Rb7+ Kf6 41. Rxh7 Rc2 42. a5 Rxa2 43. Ra7 g5 44. h3 Ra3 45. Ra8 Kg7 46. a6
Kh7 47. a7 Kg7 48. Re8 Rxa7 49. Rxe6 1-0